000 00547nam a22001817a 4500
003 PILC
005 20151105103054.0
008 151105b xxu||||| |||| 00| 0 eng d
020 _a9789350844625
050 _aS 494.5.I5
_b.P823 2014
100 _aPoornima, B.
245 _aFood science and quality control /
_cB. Poornima.
260 _aNew Delhi :
_bCentrum Press,
_c2014.
300 _a292 pages ;
_c25 cm.
500 _aIncludes bibliographical references.
650 _aFood industry and trade
_xQuality control.
942 _2lcc
_cBK
_kFOR
999 _c288903
_d288903